mysqli: Table './ulib62015/stat_globaluid' is marked as crashed and should be repaired
select id from stat_globaluid where statuid='20260517093111_1153'
mysqli: Table './ulib62015/stat_globaluid' is marked as crashed and should be repaired
DELETE FROM stat_globaluid
WHERE id NOT IN (
SELECT id
FROM (
SELECT id
FROM stat_globaluid
ORDER BY id DESC
LIMIT 100
) foo
);
mysqli: Table './ulib62015/stat_globaluid' is marked as crashed and should be repaired
insert into stat_globaluid set
statuid='20260517093111_1153',
dt='1778985071',
phpself='/ULIB62015/dublinfull.php',
agent='Mozilla/5.0 AppleWebKit/537.36 (KHTML, like Gecko; compatible; ClaudeBot/1.0; +claudebot@anthropic.com)',
yea='2026',
mon='5',
dat='17',
ip='216.73.216.45'
mysqli: Table './ulib62015/stathist_viewbib_bib_type' is marked as crashed and should be repaired
insert into stathist_viewbib_bib_type set
dat='17' ,
mon='05' ,
yea='2026' ,
statuid='20260517093111_1153' ,
head='13399123249' ,
foot='marc' ,
dt='1778985071'
| LEADER : 00000nam 2200000uu 4500 |
| 001 13399123249 |
| 003 ULIB |
| 008 221221s2014||||th 000 0 eng d |
| 020 ^a9781455740703 (pbk. : alk. paper)
|
| 060 04 ^aW18.2^bL581q 2014
|
| 100 1 ^aLeonard, Peggy C.
|
| 245 10 ^aQuick & easy medical terminology /^cPeggy C. Leonard
|
| 246 30 ^aQuick and easy medical terminology
|
| 246 30 ^aMedical terminology
|
| 250 ^a7th ed.
|
| 260 ^aSt. Louis, Mo. :^bElsevier,^cc2014
|
| 300 ^axi, 432 p. :^bill. (some col.) ;^c24 cm.
|
| 504 ^aIncludes bibliographical references and index
|
| 650 2 ^aTerminology as Topic^vProgrammed Instruction
|
| 650 2 ^aTerminology as Topic
|
| 650 2 ^aProgrammed Instruction
|
| 945 ^p0^l0^i030115 |
| 999 ^a57066
|
| คุณยังไม่ได้ล็อกอิน คุณสามารถมีกิจกรรมร่วมกับเว็บไซต์ได้ แต่ต้องล็อกอินก่อน :: |
|
|
|
| ลำดับที่ |
ประเภท |
เลขเรียก/บาร์โค้ด |
สถานที่ |
สถานะ |
| 1. |
 หนังสือ | W18.2 L581q 2014 Barcode: 030115 | หนังสือทั่วไป | บนชั้น ขอยืม |
| Note:งบประมาณ 2558 |
รายการใกล้เคียง
หัวเรื่อง [Terminology as Topic] หัวเรื่อง [Programmed Instruction]
|
|
ยังไม่เคยถูกคอมเมนท์
|
| คอมเมนท์ทรัพยากรรายการนี้ |
|